Acetylcholinový receptor nikotinového typu

Bibliographic Details
Corporate Author: Vejvalkův myastenický den (Author)
Other Authors: Šimková, Libuše (Compiler)
Format: Conference Proceeding Article
Language:Czech
ISSN:1335-9592
Subjects:

MARC

LEADER 00000nab a2200000 a 4500
001 vtls000843817
003 SK-MaSNL
005 20260304210938.0
008 141006c2003 xo 0 cze
015 |a SNBRB2003/08-24534 
035 |a CLN000195472 
040 |a SNKBUCL  |b slo  |c SNKBUCL  |e AACR2 
041 0 |a cze 
044 |a xo  |c SK 
080 |a 612.816:616.74-009.115  |2 1997 
100 1 |a Vyskočil, F.  |4 oth  |9 794880 
245 1 0 |a Acetylcholinový receptor nikotinového typu  |c F. Vyskočil, J. Krůšek, Libuše Šimková 
650 0 7 |a receptory cholínergické  |x klasifikácia  |x genetika  |2 MESH  |9 1542694 
650 0 7 |a bodová mutácia  |2 MESH  |9 205412 
650 0 7 |a receptory nikotínové  |2 MESH  |9 1542695 
650 0 7 |a miesta väzbové  |2 MESH  |9 1542696 
650 0 7 |a acetylcholín  |2 MESH  |9 17659 
650 0 7 |a abstrakty  |2 MESH  |9 90504 
655 7 |a články z novín a časopisov  |2 snkbucl  |9 267496 
700 1 |a Krůšek, J.  |4 oth  |9 794879 
700 1 |a Šimková, Libuše  |4 com  |9 307433 
711 1 |a Vejvalkův myastenický den  |n 11.  |4 aut  |9 1309159 
773 0 |t Neurológia pre prax  |g Roč. 2, č. 1 (2003), s. 47  |x 1335-9592 
850 |a Slovenská národná knižnica v Martine 
852 |a SNK  |b KIS3GCP 
958 |a MI 
999 |c 3128173  |d 3130103